<?xml version="1.0" encoding="UTF-8"?>
<record
    xmlns:xsi="http://www.w3.org/2001/XMLSchema-instance"
    xsi:schemaLocation="http://www.loc.gov/MARC21/slim http://www.loc.gov/standards/marcxml/schema/MARC21slim.xsd"
    xmlns="http://www.loc.gov/MARC21/slim">

  <leader>02340cam a22003612 b4500</leader>
  <controlfield tag="001">10189753</controlfield>
  <controlfield tag="003">OSt</controlfield>
  <controlfield tag="005">20150408114204.0</controlfield>
  <controlfield tag="006">m        d        </controlfield>
  <controlfield tag="007">cr  n         </controlfield>
  <controlfield tag="008">110520e20121124njua    s|||||||| 2|eng|d</controlfield>
  <datafield tag="020" ind1=" " ind2=" ">
    <subfield code="a">9780857298645</subfield>
  </datafield>
  <datafield tag="020" ind1=" " ind2=" ">
    <subfield code="a">085729864X (Trade Cloth)</subfield>
    <subfield code="c">USD 79.95 Retail Price (Publisher)</subfield>
  </datafield>
  <datafield tag="024" ind1="3" ind2=" ">
    <subfield code="a">9780857298645</subfield>
  </datafield>
  <datafield tag="035" ind1=" " ind2=" ">
    <subfield code="a">(WaSeSS)ssj0000813415</subfield>
  </datafield>
  <datafield tag="037" ind1=" " ind2=" ">
    <subfield code="a">085729864X</subfield>
    <subfield code="b">00024965</subfield>
  </datafield>
  <datafield tag="040" ind1=" " ind2=" ">
    <subfield code="a">BIP US</subfield>
    <subfield code="d">WaSeSS</subfield>
  </datafield>
  <datafield tag="050" ind1=" " ind2="4">
    <subfield code="a">QA76.9.S88</subfield>
  </datafield>
  <datafield tag="082" ind1="0" ind2="0">
    <subfield code="a">003.3</subfield>
    <subfield code="2">23</subfield>
    <subfield code="b">ZBG</subfield>
  </datafield>
  <datafield tag="100" ind1="1" ind2=" ">
    <subfield code="a">Zeigler, Bernard P.</subfield>
    <subfield code="e">Author</subfield>
    <subfield code="9">41986</subfield>
  </datafield>
  <datafield tag="210" ind1="1" ind2="0">
    <subfield code="a">Guide to Modeling and Simulation of Systems of Systems</subfield>
  </datafield>
  <datafield tag="245" ind1="1" ind2="0">
    <subfield code="a">Guide to Modeling and Simulation of Systems of Systems</subfield>
    <subfield code="h">[electronic resource]</subfield>
  </datafield>
  <datafield tag="260" ind1=" " ind2=" ">
    <subfield code="a">New York : </subfield>
    <subfield code="b">Springer</subfield>
    <subfield code="c">Nov. 2012</subfield>
  </datafield>
  <datafield tag="440" ind1=" " ind2="0">
    <subfield code="a">Simulation Foundations, Methods and Applications Ser.</subfield>
    <subfield code="9">42243</subfield>
  </datafield>
  <datafield tag="506" ind1=" " ind2=" ">
    <subfield code="a">License restrictions may limit access.</subfield>
  </datafield>
  <datafield tag="520" ind1="8" ind2=" ">
    <subfield code="a">Annotation</subfield>
    <subfield code="b">This guide demonstrates how virtual build and test can be supported by the Discrete Event Systems Specification (DEVS) simulation modeling formalism, and the System Entity Structure (SES) simulation model ontology. The book examines a wide variety of Systems of Systems (SoS) problems, ranging from cloud computing systems to biological systems in agricultural food crops. Features: includes numerous exercises, examples and case studies throughout the text; presents a step-by-step introduction to DEVS concepts, encouraging hands-on practice to building sophisticated SoS models; illustrates virtual build and test for a variety of SoS applications using both commercial and open source DEVS simulation environments; introduces an approach based on activity concepts intrinsic to DEVS-based system design, that integrates both energy and information processing requirements; describes co-design modeling concepts and methods to capture separate and integrated software and hardware systems.</subfield>
  </datafield>
  <datafield tag="521" ind1=" " ind2=" ">
    <subfield code="a">Scholarly &amp; Professional</subfield>
    <subfield code="b">Springer</subfield>
  </datafield>
  <datafield tag="700" ind1="1" ind2=" ">
    <subfield code="a">Sarjoughian,Hessam S.</subfield>
    <subfield code="e">Author</subfield>
    <subfield code="9">42244</subfield>
  </datafield>
  <datafield tag="773" ind1=" " ind2="0">
    <subfield code="t">SpringerLink ebooks - Computer Science (2013)</subfield>
  </datafield>
  <datafield tag="856" ind1="4" ind2="0">
    <subfield code="u">http://www.columbia.edu/cgi-bin/cul/resolve?clio10189753</subfield>
    <subfield code="z">Full text available from SpringerLink ebooks - Computer Science (2013)</subfield>
  </datafield>
  <datafield tag="910" ind1=" " ind2=" ">
    <subfield code="a">Bowker Global Books in Print record</subfield>
  </datafield>
  <datafield tag="942" ind1=" " ind2=" ">
    <subfield code="2">ddc</subfield>
    <subfield code="c">DVD</subfield>
  </datafield>
  <datafield tag="999" ind1=" " ind2=" ">
    <subfield code="c">33206</subfield>
    <subfield code="d">267706</subfield>
  </datafield>
  <datafield tag="952" ind1=" " ind2=" ">
    <subfield code="1">0</subfield>
    <subfield code="2">2014-01-11</subfield>
    <subfield code="4">0</subfield>
    <subfield code="7">0</subfield>
    <subfield code="a">003.3 ZBG</subfield>
    <subfield code="d">2014-01-11</subfield>
    <subfield code="h">CL</subfield>
    <subfield code="m">CL</subfield>
    <subfield code="r">2014-01-11 00:00:00</subfield>
    <subfield code="t">BOOK</subfield>
    <subfield code="w">ddc</subfield>
    <subfield code="y">0</subfield>
  </datafield>
</record>
